000
00355nam a2200169Ia 4500
100
_a
Thomas/Cecilia
650
_a
Philosophy
942
_c
BK
366
_f
25
654
_a
maturity
245
_a
Journey to Maturity
260
_b
Better Yourself Books
_a
Bandra
_c
1998
082
_a
170/THO
_b
THO
300
_a
92
546
_a
ENGLISH
999
_c
19262
_d
19262